000 00336 a2200157 4500
001 44473
020 _a8574162876
040 _cAnchieta - Aquarius
100 _aCha, Mi-Jeong
240 1 0 _aVamos adivinhar
_lpor
245 1 0 _aVamos adivinhar
300 _a
362 0 _a2006
650 4 _aLiteratura infanto-juvenil
942 _cBK
999 _c44473
_d44473